<?xml version="1.0" encoding="UTF-8"?>
<record
    xmlns:xsi="http://www.w3.org/2001/XMLSchema-instance"
    xsi:schemaLocation="http://www.loc.gov/MARC21/slim http://www.loc.gov/standards/marcxml/schema/MARC21slim.xsd"
    xmlns="http://www.loc.gov/MARC21/slim">

  <leader>01554nam a22001457a 4500</leader>
  <datafield tag="999" ind1=" " ind2=" ">
    <subfield code="c">524182</subfield>
    <subfield code="d">524182</subfield>
  </datafield>
  <controlfield tag="008">231031b           ||||| |||| 00| 0 eng d</controlfield>
  <datafield tag="100" ind1=" " ind2=" ">
    <subfield code="a">Moran, Arik and Hasson, Michal </subfield>
    <subfield code="9">45607</subfield>
  </datafield>
  <datafield tag="245" ind1=" " ind2=" ">
    <subfield code="a">A Himalayan prince between India and Europe: Suchet Singh of Chamba and the limits of colonial subjectivity</subfield>
  </datafield>
  <datafield tag="260" ind1=" " ind2=" ">
    <subfield code="a">The Indian Economic and Social History Review  </subfield>
  </datafield>
  <datafield tag="300" ind1=" " ind2=" ">
    <subfield code="a">60(2), Apr-Jun, 2023: p.159-183</subfield>
  </datafield>
  <datafield tag="520" ind1=" " ind2=" ">
    <subfield code="a">This article discusses the life-story of Suchet Singh (1841&#x2013;1896). The ruler of the Himalayan kingdom of Chamba, Singh was deposed by the colonial authorities soon after his accession in 1870, and spent the rest of his life seeking restitution. We argue that the strategies employed by Singh, who combined appeals to the international press with political manoeuvrings in India and Europe, evince a novel type of cosmopolitanism. This new development allowed elites from the colonies to contest the empire by exploiting unprecedented technological advancements in communications and travel alongside the support of a widening liberal lobby in the metropole. While Singh ultimately failed to regain his patrimony and died destitute in exile, his life story demonstrates the capacity of judicious engagement with the public sphere and the cultivation of global support-networks to improve the standing of colonial subjects in the Age of Empire. &#x2013; Reproduced 

https://journals.sagepub.com/doi/full/10.1177/00194646231166440
</subfield>
  </datafield>
  <datafield tag="773" ind1=" " ind2=" ">
    <subfield code="a">The Indian Economic and Social History Review  </subfield>
  </datafield>
  <datafield tag="906" ind1=" " ind2=" ">
    <subfield code="a">HISTORY</subfield>
  </datafield>
  <datafield tag="942" ind1=" " ind2=" ">
    <subfield code="c">AR</subfield>
  </datafield>
  <datafield tag="952" ind1=" " ind2=" ">
    <subfield code="0">0</subfield>
    <subfield code="1">0</subfield>
    <subfield code="2">ddc</subfield>
    <subfield code="4">0</subfield>
    <subfield code="7">0</subfield>
    <subfield code="9">399232</subfield>
    <subfield code="a">IIPA</subfield>
    <subfield code="b">IIPA</subfield>
    <subfield code="d">2023-10-31</subfield>
    <subfield code="h">60(2), Apr-Jun, 2023: p.159-183</subfield>
    <subfield code="p">AR130061</subfield>
    <subfield code="r">2023-10-31</subfield>
    <subfield code="y">AR</subfield>
  </datafield>
</record>
